[Event "Stare Mesto op-B"]
[Site "Stare Mesto"]
[Date "2023.08.06"]
[Round "2"]
[White "Moravec, David"]
[Black "Tomecek, Marian"]
[Result "0-1"]
[WhiteElo "1000"]
[BlackElo "1298"]
[PlyCount "51"]
[EventDate "2023.08.05"]
[EventType "swiss"]
[EventRounds "9"]
[EventCountry "CZE"]
[SourceTitle "EXT 2024"]
[Source "ChessBase"]
[SourceDate "2023.10.10"]
[SourceVersion "1"]
[SourceVersionDate "2023.10.10"]
[SourceQuality "1"]

1. e4 e5 2. Bc4 Nf6 3. Nc3 d6 4. Nf3 Be7 5. d3 0-0 6. Be3 Bg4 7. 0-0 Nbd7 8. d4 exd4 9. Bxd4 c5 10. Be3 Ne5 11. Be2 Nc4 12. Bg5 Bxf3 13. Bxf3 Ne5 14. Bxf6 Bxf6 15. Nd5 Nc4 16. Nxf6+ Qxf6 17. e5 Qxe5 18. Bxb7 Rab8 19. Bd5 Nxb2 20. Qd2 Na4 21. Bb3 Nb6 22. Rfe1 Qf6 23. Re2 Qxa1+ 24. Re1 Qf6 25. a4 c4 26. Ba2 0-1